Statistics for Modern-Day Countries Of The Timurid Empire (On A Map)

Click here to take the quiz!

General Stats

  • This quiz has been taken 511 times
  • The average score is 18 of 18

Answers on the Map

Answers color-coded by a green-red scale on the quiz's map according to % correct below.
 

Answer Stats

Country% Correct
Afghanistan
100%
India
100%
Iran
100%
Iraq
100%
Pakistan
100%
Turkey
100%
Turkmenistan
100%
Armenia
99%
Azerbaijan
99%
China
99%
Georgia
99%
Kazakhstan
99%
Kyrgyzstan
99%
Russia
99%
Syria
99%
Tajikistan
99%
Uzbekistan
99%
Kuwait
91%

Score Distribution

Percentile by Number Answered

Percent of People with Each Score

Your Score History

You have not taken this quiz